Longest song from each of Taylor Swift's albums - Statistics

General Stats
  • This quiz has been taken 16 times
  • The average score is 8 of 16
Answer Stats
Album Length Song Title % Correct
Red 5:29 All Too Well
100%
Speak Now 6:43 Dear John
63%
The Life Of a Showgirl 4:06 Eldest Daughter
63%
Red (Taylor's Version) 10:13 All Too Well (TMVTVFTV)
50%
folklore 4:54 betty
50%
1989 4:31 Clean
50%
Speak Now (Taylor's Version) 6:45 Dear John (Taylor's Version)
50%
Taylor Swift 4:08 Tied Together with a Smile
50%
Lover 4:53 Daylight
38%
reputation 4:04 End Game
38%
evermore 5:15 happiness
38%
1989 (Taylor's Version) 4:39 Say Don't Go (Taylor's Version) (FTV)
38%
Fearless 5:11 Untouchable
38%
Fearless (Taylor's Version) 5:12 Untouchable (Taylor's Version)
38%
The Tortured Poets Department 5:40 But Daddy I Love Him
25%
Midnights 4:20 Would've, Could've, Should've
25%
No matching quizzes found
Score Distribution
Percent of People with Each Score
Percentile by Number Answered
Your Score History
You have not taken this quiz